| 000 | 01235nam a22003617a 4500 | ||
|---|---|---|---|
| 001 | 0004258 | ||
| 003 | KOHA_MİRAKIL | ||
| 005 | 20260207001406.0 | ||
| 007 | ta | ||
| 008 | 090420b1994 tu |||gr||||#0|||0|tur | | ||
| 020 |
_a9751602661 _qtk. 975160267x c.1 _q9751606257 _qc.2 _c0,01 |
||
| 040 |
_aTR-BiSEU _btur _cTR-BiSEU _erda |
||
| 041 | 0 | _atur | |
| 044 | _ctu | ||
| 050 |
_aDR589 _b.L69 1994 |
||
| 245 | 0 |
_aLozan telgrafları : _bTürk diplomatik belgelerinde Lozan Barış Konferansı (Şubat-Ağustos 1923)/ _chazırlayan Bilal N. Şimşir. |
|
| 264 | 1 |
_aAnkara : _bTürk Tarih Kurumu _c1994 |
|
| 300 | _a2 c., XIX, 669 sayfa; 24 cm. | ||
| 336 |
_ametin _btxt _2rdacontent |
||
| 337 |
_aaracısız _bn _2rdamedia |
||
| 338 |
_acilt _bnc _2rdacarrier |
||
| 490 | 1 | _aAtatürk Kültür, Dil ve Tarih Yüksek Kurumu. | |
| 490 | 1 |
_aTürk Tarih Kurumu yayınları ; _vXVI.Dizi-Sa. |
|
| 490 | 1 | _a57-a | |
| 500 | _aDizin var. | ||
| 650 | 0 |
_aTurkey--History--20th century. _94434 |
|
| 650 | 0 |
_aTürkiye--Tarih--20. yy. _910232 |
|
| 830 | 1 |
_aAtatürk Kültür, Dil ve Tarih Yüksek Kurumu. _96683 |
|
| 830 | 1 |
_aTürk Tarih Kurumu yayınları ; _vXVI.Dizi-Sa. _96704 |
|
| 830 | 1 |
_a57-a _910448 |
|
| 907 | _aTarih | ||
| 942 |
_2lcc _cBK |
||
| 999 |
_c4241 _d4241 |
||